Tennis féminin - Joueuses en activité ayant gagné un grand chelem - Statistiques

Statistiques générales
  • Ce quiz a été pris 111 fois
    5 depuis la dernière actualisation
  • Le résultat moyen est 12 sur 15
Statistiques - réponses
Nombre Nationalité Joueuse % Correct
2 Américaine Gauff
100%
4 Japonaise Osaka
100%
1 Britannique Raducanu
100%
4 Biélorusse Sabalenka
100%
6 Polonaise Świątek
100%
1 Américaine Keys
80%
2 Tchèque Krejciková
80%
1 Lettone Ostapenko
80%
2 Kazakh Rybakina
80%
1 Canadienne Andreescu
60%
2 Biélorusse Azarenka
60%
1 Américaine Kenin
60%
1 Américaine Stephens
60%
1 Tchèque Vondroušová
60%
7 Américaine Williams
60%
Aucun quiz correspondant
Distribution des résultats
% des personnes avec chaque résultat
Percentile par nombre de réponses
Votre historique - résultats
Vous n’avez pas pris ce quiz depuis la dernière actualisation